000 01001nam a2200385Ia 4500
001 2145
008 191123s9999 xx 000 0 und d
041 _afre
044 _aag
245 0 _aMediator Dei :
_bexposición de arte de la Edad Media y albores del Renacimiento.
260 _aBuenos Aires :
_bLa Galería,
_c1956.
300 _a54 p.
500 _aCatálogo de la exposición realizada durante septiembre - octubre de 1956
650 _aALDAO, FEDERICO,
650 _aARGENTINA
650 _aBRONCES
650 _aEDAD MEDIA
650 _aESCULTURAS
650 _aESMALTES
650 _aEXPOSICIONES
650 _aMANUSCRITOS
650 _aMINIATURAS
650 _aPINTURAS
650 _aRENACIMIENTO
650 _aTAPICES MEDALLAS
710 _aGalería Wildenstein. Buenos Aires
902 _aM
903 _am
904 _am
907 _aImpreso
911 _a8 láminas b/n; 27 cm.
912 _a1956
942 _cLIBRO
999 _c1842
_d1842